000 00339nam a2200145Ia 4500
005 20250405164252.0
008 240331s9999 xx 000 0 und d
082 _bSIV
_a894
100 _aSivasekaram, S
245 0 _aSeppanittap padimangal
260 _aChennai
_bChennai Books
_c1988
300 _a56 p .,
650 _aPoems
942 _cL
999 _c4209
_d4209